|
|
|
|
| LEADER |
00967nam a2200337 4500 |
| 001 |
DLU060051879 |
| 005 |
##20060322 |
| 008 |
##000607s2000 nyua 001 0 eng |
| 010 |
# |
# |
|a 00055132
|
| 020 |
# |
# |
|a 0684809303
|
| 040 |
# |
# |
|a DLC
|c DLC
|d DLC
|
| 042 |
# |
# |
|a pcc
|
| 050 |
# |
# |
|a TK5101
|b .G55 2000
|
| 082 |
# |
# |
|a 384
|b GI-G
|
| 100 |
# |
# |
|a Gilder, George F.,
|d 1939-
|
| 245 |
# |
# |
|a Telecosm :
|b how infinite bandwidth will revolutionize our world /
|c George Gilder.
|
| 260 |
# |
# |
|a New York :
|b Free Press,
|c c2000.
|
| 300 |
# |
# |
|a x, 351 p. :
|b ill. ;
|c 25 cm.
|
| 500 |
# |
# |
|a Includes index.
|
| 650 |
# |
# |
|a Telecommunication
|x Forecasting.
|
| 856 |
# |
# |
|3 Publisher description
|u http://www.loc.gov/catdir/description/simon053/00055132.html
|
| 923 |
# |
# |
|a 01/2006
|
| 992 |
# |
# |
|a 18.000
|
| 994 |
# |
# |
|a DLU
|
| 900 |
# |
# |
|a True
|
| 911 |
# |
# |
|a Đào Thị Thu Huyền
|
| 925 |
# |
# |
|a G
|
| 926 |
# |
# |
|a A
|
| 927 |
# |
# |
|a SH
|
| 980 |
# |
# |
|a Thư viện Trường Đại học Đà Lạt
|